01379nam a2200241Ia 4500001000900000003001000009008004100019040002500060041001300085100001200098245002800110250001100138260010200149300001200251500026000263501011400523520026000637650002800897942000700925957000600932999004100938952015800979L060-277IT-CnALBA170116s9999||||xx |||||||||||||| ||und|| aIT-CnALBAcIT-CnALBA aITALIANO aAA. VV. 0aACTA ANNUS I VOLUMEN I  a1a ed. aVATICANObEX AEDIBUS ACADEMICIS IN CIVITATE VATIC'c1937 [1° Ed.:1937 - Ed.Ling.Originale: 1937] a106 p.  aPONTIFICIA ACADEMIA SCIENTIARUM. TAVOLE FUORI TESTO. ILLUSTRAZIONI. ASFERICITA' DI UNA SUPERFICIE IN UN PUNTO ORDINARIO. VIRUS TUBERCULARIS ED ESOTUBERCOLINA SPENTA. STORIA DELLA STATISTICA. METODO STATISTICO IN BIOLOGIA. DINAMICA DEI FLUIDI COMPRESSIBILI aSocietà San Paolo EM - Piazza San Paolo, 14 - 12051 ALBA (CN) (non commercial uses only) ® Copyright 2017 aPONTIFICIA ACADEMIA SCIENTIARUM. TAVOLE FUORI TESTO. ILLUSTRAZIONI. ASFERICITA' DI UNA SUPERFICIE IN UN PUNTO ORDINARIO. VIRUS TUBERCULARIS ED ESOTUBERCOLINA SPENTA. STORIA DELLA STATISTICA. METODO STATISTICO IN BIOLOGIA. DINAMICA DEI FLUIDI COMPRESSIBILI aORGANIZZAZIONI GENERALI cBK 71 a376bSI g Copie: 1 c259513d259513 0010406L_06027771aALBAbALBAd2017-01-16l0oL060-277r2017-01-16 00:00:00w2017-01-16yBKz(data import: 16 gennaio 2017) - By Epidotti, Vaglietti.